| 000 | 00705nam a22001937a 4500 | ||
|---|---|---|---|
| 999 |
_c80690 _d80690 |
||
| 008 | 210210b ||||| |||| 00| 0 eng d | ||
| 040 |
_aSTAFF _bger _cSTAFF _erda |
||
| 041 | _ager | ||
| 100 | _aStasny, Peter: | ||
| 245 |
_aLudwig Hischfeld-Mack als Pädagoge / _cPeter Stasny |
||
| 500 | _aDarin enthalten: Pädagogische Akademie Frankfurt (Oder). | ||
| 600 | _aHirschfeld-Mack, Ludwig (1893-1965) | ||
| 653 | _aPädagogische Akademie Frankfurt (Oder) | ||
| 773 |
_tDas Bauhaus in Brandenburg: Industriedesign und Handwerk im Zeichen der Moderne. _dCottbus: Brandenburgische Kulturstiftung, [2019] _gS. 109-116. |
||
| 942 | _cA | ||